000 00592nam a22002177a 4500
003 UA-OsUOA
001 79831
007 ta
008 20111121b un ||||| |||| 00| 0 ukr d
100 _aІльницький М.
090 _a82
_bИ99
942 _cSA
040 _aUA-OsUOA
_bukr
_cUA-OsUOA
_dUA-OsUOA
245 _aМаркіян Шашкевич у поетичних текстах Івана Франка
300 _aС.60-65
955 _a0
041 _aukr
080 _a82
773 0 _w79821
650 7 _a82 Література. Літературознавство
_2UDC
999 _c366184
_d366184